000
00305nam a22001337a 4500
008
181101b xxu||||| |||| 00| 0 eng d
020
_a
0023133406
041
_a
eng
080
_2
9th
_a
574
100
_a
9
101
_a
MJE
245
_a
The Nature and Properties of Soils
_c
Brady, N.C
942
_2
udc
_c
BK
999
_c
51527
_d
51527